000 00849cam a2200265 a 4500
001 1673111
005 20180131032625.0
008 981103s2000 paua b 001 0 eng c
010 _a 98050604
020 _a0721677673
040 _aDNLM/DLC
_cDLC
_dDLC
041 _aeng
060 1 0 _aWS 100
_bN432 2000
080 _a618.92 BEH
082 0 0 _a618.92 BEH
_221
100 _a8
101 _aPED
245 0 0 _aNelson textbook of pediatrics.
246 3 0 _aTextbook of pediatrics
504 _aIncludes bibliographical references and index.
906 _a7
_bcbc
_corignew
_d1
_eocip
_f19
_gy-gencatlg
942 _2ddc
_cBK
999 _c41309
_d41309